Red Hat Linux 7.2 unleashed (Record no. 6483)
[ view plain ]
| 000 -LEADER | |
|---|---|
| fixed length control field | 00435 a2200145 4500 |
| 010 ## - LIBRARY OF CONGRESS CONTROL NUMBER | |
| LC control number | 2001093564 |
| 020 ## - INTERNATIONAL STANDARD BOOK NUMBER | |
| International Standard Book Number | 9780672322822 |
| 040 ## - CATALOGING SOURCE | |
| Original cataloging agency | DLC |
| 100 1# - MAIN ENTRY--PERSONAL NAME | |
| Personal name | Ball, Bill. |
| 245 10 - TITLE STATEMENT | |
| Title | Red Hat Linux 7.2 unleashed |
| Statement of responsibility, etc. | Bill Ball |
| 260 ## - PUBLICATION, DISTRIBUTION, ETC. | |
| Place of publication, distribution, etc. | New Delhi: |
| Name of publisher, distributor, etc. | Techmedia, |
| Date of publication, distribution, etc. | c2002. |
| 300 ## - PHYSICAL DESCRIPTION | |
| Extent | xxii, 859 p. : |
| Other physical details | ill. ; |
| Dimensions | 23 cm. + |
| Accompanying material | 2 computer optical discs (4 3/4 in.) |
| 650 #0 - SUBJECT ADDED ENTRY--TOPICAL TERM | |
| Topical term or geographic name entry element | Operating systems (Computers) |
| 942 ## - ADDED ENTRY ELEMENTS (KOHA) | |
| Koha item type | Book |
| Call number prefix | 005.4469 BAL |
| Source of classification or shelving scheme | |
| Withdrawn status | Lost status | Damaged status | Not for loan | Collection code | Permanent Location | Current Location | Shelving location | Date acquired | Source of acquisition | Cost, normal purchase price | Total Checkouts | Full call number | Barcode | Date last seen | Price effective from | Koha item type |
|---|---|---|---|---|---|---|---|---|---|---|---|---|---|---|---|---|
| Central Library (CL) | Central Library (CL) | First Floor - Operating System/ Data Structure | 10/22/2002 | Vanguard Books | 675.75 | 005.4469 BAL | SEECS002609 | 11/14/2012 | 01/05/2017 | Book |
